|
|
|
|
| LEADER |
00799naa a2200181 i 4500 |
| 001 |
acta66189 |
| 005 |
20260224081030.0 |
| 008 |
200417s2019 hu o 100 hun d |
| 040 |
|
|
|a SZTE Egyetemi Kiadványok Repozitórium
|b hun
|
| 041 |
|
|
|a hun
|
| 100 |
1 |
|
|a Bánfi Gréta
|
| 245 |
1 |
0 |
|a Aktív tanulási módszerek alkalmazása általános és középiskolai tanárok körében
|h [elektronikus dokumentum] /
|c Bánfi Gréta
|
| 260 |
|
|
|c 2019
|
| 300 |
|
|
|a 20
|
| 490 |
0 |
|
|a Pedagógiai Értékelési Konferencia
|v 17
|
| 695 |
|
|
|a Aktív tanulás, Kutatásalapú tanulás, Problémaalapú tanulás, Általános- és középiskola - előadáskivonat
|
| 710 |
|
|
|a Pedagógiai értékelési konferencia PÉK (17.) (2019) (Szeged)
|
| 856 |
4 |
0 |
|u http://acta.bibl.u-szeged.hu/66189/1/pek_2019_020.pdf
|z Dokumentum-elérés
|